000 00652nam a2200169 4500
999 _c5934
_d5934
008 161202b xxu||||| |||| 00| 0 eng d
022 _a16551516
082 _aDPer 330.5 P53 June-Dec 2014 v. 51 n. 1 & 2
100 _918000
_aRunsinarith, Phim
245 _aThe impacts of microcredit on poverty reduction:
_bevidence from Cambodian rural villages/
_cPhim Runsinarith.
260 _aPhilippines:
_bUP School of Economics/ The Phil. Economic Society,
_c©2014.
300 _av51 n2, pages 121-150;
_c24 cm.
500 _aPhilippine review of economics.
650 0 _918001
_aPoverty
650 0 _918003
_aEconomic conditions
942 _2ddc
_cPER